| 000 | 01914cam a2200457uc 4500 | ||
|---|---|---|---|
| 001 | 58069 | ||
| 003 | CO-BoRNBP | ||
| 005 | 20250814223653.0 | ||
| 007 | ta | ||
| 008 | 210825r20052017sp a br 001 1 spa d | ||
| 020 | _a9788489804982 | ||
| 020 | _a9789581414499 | ||
| 040 |
_aCO-BoRNBP _bspa _erda _cCO-BoRNBP |
||
| 041 | 1 |
_aspa _heng |
|
| 043 | _ae-gx--- | ||
| 084 | _aA | ||
| 100 |
_aSchèossow, Peter, _d1953- _eaut _962303 |
||
| 245 | 1 | 1 |
_a¿Cómo es posible? : _bla historia de Elvis / _cPeter Schössow ; traducción de Eduardo Martínez. |
| 250 | _aEdición especial para El Ministerio de Cultura | ||
| 250 | _aSegunda edición | ||
| 264 | 1 |
_aSanta Marta de Tormes : _bLóguez Ediciones, _c2017 |
|
| 300 |
_a40 páginas sin numerar : _bilustraciones a color, |
||
| 336 |
_atexto _btxt _2rdacontent |
||
| 337 |
_asin mediación _bn _2rdamedia |
||
| 338 |
_avolumen _bnc _2rdacarrier |
||
| 490 | 0 | _aLeer es mi cuento | |
| 500 | _aColección para la Primera Infancia del Ministerio de Cultura, Plan Nacional de Lectura y Escritura Leer es mi cuento, Primera Infancia 2015 | ||
| 500 | _aEl material correspondiente a la dotación PNLB 2022, corresponde a la segunda edición de 2017 | ||
| 500 | _aPara el año 2015 se hizo una edición especial para el "Plan Nacional de Lectura y Escritura Leer es mi Cuento / Ministerio de Cultura" con el mismo ISBN 9788489804982 de la edición y reimpresión | ||
| 521 | _aRecomendado para un público infantil mayor de 6 años | ||
| 534 | _tGehört das so? | ||
| 650 | 0 | 4 |
_aÁlbumes infantiles alemanes _ysiglo xx _2LEMB _92436 |
| 650 | 0 | 7 |
_aCantantes _válbum _2lemb _92439 |
| 650 | 0 | 7 |
_aDolor _válbum _2lemb _92438 |
| 650 | 0 | 7 |
_aEmociones _válbum _2LEMB _9808 |
| 650 | 0 | 4 |
_aLiteratura infantil alemana _2LEMB |
| 650 | 0 | 7 |
_aMuerte _válbum _2lemb _92437 |
| 655 |
_aÁlbumes _9324623 |
||
| 700 |
_aMartínez, Eduardo _etrl _92440 |
||
| 942 |
_2loc _cBKLITI _n0 |
||
| 999 |
_c58069 _d58069 |
||